000 00635nam a2200181 i 4500
001 102640
003 ES-MaACL
005 20230906183141.0
008 051124s1964 pr a |||| |cspa d
080 _a929(7/8):32
100 1 _aFreire, Joaquín.
_952458
245 1 0 _aDestellos inmortales /
_cJoaquín Freire.
260 _aPuerto Rico :
_bDepartamento de Instrucción Pública, Estado Libre Asociado de Puerto Rico,
_c1964.
300 _a176 p. :
_bil. ;
_c24 cm.
650 4 _aPolíticos-
_zAmérica-
_xBiografías.
_916311
710 1 _aPuerto Rico.
_bDepartamento de Instrucción Pública.
_96275
852 _aES-MaACL
_jE-11041
999 _c102640
_d102640